000 00977cam a2200265 a 4500
001 000015983
005 20200929164226.0
008 770224s1954 mx 000 0 spa
035 _a(DLC) 54032505
035 _a(OCoLC)2761760
040 _aDO-SdBNP
_bspa
_cBNPHU
_dDLC
050 0 0 _aB1016
_b.R748
082 _ann
_bR758f
100 1 _aRomanell, Patrick,
_d1912-
_935907
245 1 3 _aLa formación de la mentalidad mexicana :
_bpanorama actual de la filosofía en México, 1910-1950. /
_cPatrick Romanell ; traducción Edmundo O'Gorman ; Presentación de José Gaos.
260 _aMéxico :
_bColegio de México,
_c1954.
300 _a238 p. ;
_c22 cm.
504 _aIncluye bibliografía: (p. 223-230) e índice.
650 0 _aPhilosophy, mexican.
_935908
651 0 _aMexico
_xIntellectual Life
_y20th century.
_935909
700 1 _aO'Gorman, Edmundo,
_etr.
_935910
700 1 _aGaosm, José,
_epr.
_935911
910 _aCatalogación por copia / LC
049 _aBNGR
999 _c15525
_d15525